000 00650nam a2200205Ia 4500
003 GCL
008 140319s9999 xx 000 0 ara d
040 _aGCL /
_cGCL
082 0 4 _a811.5
_bع ط
100 1 _aابراهيم الابيارى
245 1 0 _aطيف الخيال /
_cابراهيم الابيارى
700 1 _aعلى بن الحسين الموسوى العلوى
700 1 _aحسن كامل الصيرفى (تحقيق)
300 _a336 ص
490 _aتراثنا
_v0
650 0 4 _aالشعر العربى
650 0 4 _aالادب العربى
650 0 4 _aالدولة العباسية الثانية
942 _2ddc
_cBK
999 _c39642
_d39642